|
|
|
|
| LEADER |
00000nab a2200000uu 4500 |
| 001 |
vtls011453872 |
| 003 |
SK-MaSNL |
| 005 |
20260304030207.0 |
| 008 |
250310|1976 xo |||||||||||||||||slo| |
| 015 |
|
|
|a SNBRB
|
| 035 |
|
|
|a (urnnbn)urn:nbn:sk:snk:ar-00815k
|
| 035 |
|
|
|a (uuid)ba9fc6f9-754c-4051-b964-10384cae7505
|
| 035 |
|
|
|a urn:nbn:sk:snk-abcp9z
|
| 040 |
|
|
|a SNKBUCL
|b slo
|c SNKBUCL
|e AACR2
|
| 041 |
0 |
|
|a slo
|
| 044 |
|
|
|a xo
|c SK
|
| 100 |
1 |
|
|a Špringer, Vladimír,
|d 1933-2009
|4 aut
|9 196745
|
| 245 |
1 |
0 |
|a PRÍPRAVA STABILNÝCH VODNÝCH ROZTOKOV DICHLORIDU EMETÍNIA
|c V. Špringer, M. Struhár, Z. Zembiaková, M. Mandák
|
| 700 |
1 |
|
|a Mandák, Milan,
|d 1924-2005
|4 aut
|9 211498
|
| 700 |
1 |
|
|a Struhár, M.
|4 aut
|9 971245
|
| 700 |
1 |
|
|a Zembiaková, Z.
|4 aut
|9 1308341
|
| 773 |
0 |
|
|t Farmaceutický obzor : odborný časopis Ministerstva zdravotníctva Slovenskej republiky a Slovenskej zdravotníckej univerzity v Bratislave
|g Roč. 45, č. 9 (1976), s. 391-398
|
| 958 |
|
|
|a OND
|
| 958 |
|
|
|a EUIPO
|
| 958 |
|
|
|a article16
|
| 999 |
|
|
|c 2632373
|d 2634303
|